000 00458nmm a2200169Ia 4500
008 251105s9999||||xx |||||||||||||||||und||
020 _a9788496357655
041 _aspa
100 _aServitje, Marc
245 0 _aTom Cruise: Nacido el tres de Julio
264 _a[Madrid, España] :
_bCarena Editores,
_c2007
300 _a144 páginas
490 _aCine
650 _aBiography
856 _uhttps://public.digitaliapublishing.com/a/861
942 _cCF
999 _c89854
_d89854